| 000 | 00835nam a22002537a 4500 | ||
|---|---|---|---|
| 001 | 4420 | ||
| 003 | FISKH | ||
| 005 | 20240904085444.0 | ||
| 008 | 240904b cb ||||| |||| 00| 0 eng d | ||
| 020 | _a9780545448154 | ||
| 040 |
_aFISKH _beng _cFISKH _dFISKH |
||
| 050 | _aPZ7.P2843 | ||
| 082 | _2813 | ||
| 100 |
_aPaulsen, Gary _d(1939–2021) |
||
| 245 |
_aBrian's return / _cBy Gary Paulsen |
||
| 250 | _aThis edition first printing 2012 | ||
| 260 |
_aNew York : _bScholastic, _c2012. |
||
| 300 |
_a115 pages : _c17cm |
||
| 520 | _aAfter having survived alone in the wilderness, Brian finds that he can no longer live in the city but must return to the place where he really belongs. | ||
| 650 |
_2Fiction _vYoung adult _yNature _zSurvival |
||
| 650 |
_2Self-reliance _vJuvenile _yAdventure |
||
| 942 |
_2ddc _cBK _n0 |
||
| 999 |
_c4420 _d4420 |
||